• 首页
  • 本馆介绍
  • 公告通知
  • 最新文献
  • 馆藏检索
  • 电子资源
  • 读者导购
  • 参考咨询
  • 我的图书馆
  • 登录
  • 详细信息显示
  • 放入我的书架
  • 预约/预借图书
  • 作者相关作品
  • 分类相关作品
  • 丛书相关作品
  • 出版社相关作品

书目信息

  • 表格格式
  • 工作单格式
  • 卡片格式
题名:
环境科学:全球关注(下册)
    
 
作者: 坎宁安 , 赛戈 编著 ;戴树桂 译
分册:  
出版信息: 北京   科学出版社  2004
页数: 2册(26,36,1036页)
开本: 24cm
丛书名: 环境科学与工程经典译丛
单 册:
中图分类: X-49
科图分类:
主题词: 环境科学--普及读物 , 环境科学
电子资源:
ISBN: 7-03-012003-5
000 01285nam0 2200313 450
000 01278nam0 2200313 450
000 01211nam0 2200289 450
000 01175nam0 2200277 45
005 20070525105317.28
010    @a7-03-012003-5@dCNY49.00
100    @a20070419d2004 em y0chiy0120 ea
101 1  @achi@ceng
102    @aCN@b110000
105    @aa z 000yy
200 1  @a环境科学:全球关注(下册)@Ahuan jing ke xue:quan qiu guan zhu(xia ce)@f(美)William P.Cunningham,(美)Barbara Woodworth Saigo编著@F( Mei )William P.Cunningham,( Mei )Barbara Woodworth Saigo Bian Zhu@g戴树桂主译
210    @a北京@c科学出版社@d2004
215    @a2册(26,36,1036页)@c图@d24cm
225 2  @a环境科学与工程经典译丛
306    @a与美国麦格劳-希尔教育出版集团合作出版
330    @a本书通过综合资源科学、生态科学、生命科学、社会科学等多学科的知识,辅以翔实生动的资料、实例、图片等,深入浅出地介绍环境科学的知识。
410  0 @12001 @a环境科学与工程经典译丛
606 0  @a环境科学@x普及读物
606 0  @a环境科学
690    @aX-49@v4
701  1 @c(美)@a坎宁安@AKan Ning An@g(Cunningham, William P.)@4编著
701  1 @c(美)@a赛戈@ASai Ge@g(Saigo, Barbara Woodworth)@4编著
702  0 @a戴树桂@ADai Shu Gui@c(环境科学)@4译
801  0 @aCN@bTAOJIN@c20070525
905    @a10447@dX-49@e103:2
    
    环境科学:全球关注(下册)/(美)William P.Cunningham,(美)Barbara Woodworth Saigo编著/戴树桂主译.-北京:科学出版社,2004
    2册(26,36,1036页):图;24cm.-(环境科学与工程经典译丛)
    
    
    ISBN 7-03-012003-5:CNY49.00
    本书通过综合资源科学、生态科学、生命科学、社会科学等多学科的知识,辅以翔实生动的资料、实例、图片等,深入浅出地介绍环境科学的知识。
●
相关链接 在E读中查询图书 在五车中查询图书 在当当中查询图书 在豆瓣中查询图书


正题名:环境科学:全球关注(下册)     索取号:X-49/103:2         预约/预借

序号 登录号 条形码 馆藏地/架位号 状态 备注
1 0522385   205223854   第二样本阅览室/ [索取号:X-49/103:2] 在馆    
2 0522386   205223863   第三借阅区/ [索取号:X-49/103:2] 在馆    
3 0522387   205223872   第三借阅区/ [索取号:X-49/103:2] 在馆    
4 0522388   205223881   第三借阅区/ [索取号:X-49/103:2] 在馆    
5 0522389   205223890   第三借阅区/ [索取号:X-49/103:2] 在馆    
6 0522390   205223907   第三借阅区/ [索取号:X-49/103:2] 在馆    
唐山师范学院图书馆 欢迎您!
大连网信软件有限公司© 版权所有